000 00846nas a2200253 4500
001 BR2013002729
003 BR-BrBNA
005 20231205122158.0
007 ta
008 230509b bl.|||p| |||| 00| 00por d
040 _aBR-BrBNA
_bpor
_cBiblioteca Nacional de Agricultura
041 _a(En)
072 _aM40
100 1 _aAlmeida, F. de M.
100 1 _aBarquete, V.
100 1 _aPereira Junior, J.
245 1 _aProgenetic matacercariae of parahemiurus merus (Platyhelminthes, Digenea, Hemuridae)infecting parasagitta friderici (Chaetognatha)from southern coast Brazil
650 _aPEIXE PELÁGICO
650 _aPARASITO DE ANIMAL
650 _aINEECÇÃO
773 0 _tAtlântica (Brazil)
_xISSN 0102-1656
_g(Jan-Jun 2009), v. 31(1) p. 35-38
_wBR2013002729
909 _a202311
_bLúcia
_c55
_dLúcia Elande
942 _2AGRIS
_n0
_cANA
999 _c227309
_d227309